メタボリズムの発想
Saved in:
| Main Author: | |
|---|---|
| Format: | Book |
| Language: | Undetermined |
| Published: |
東京
白馬出版
1973
|
| Subjects: | |
| Tags: |
Add Tag
No Tags, Be the first to tag this record!
|
| Institutions: | Trung tâm Học liệu Trường Đại học Cần Thơ |
|---|
| LEADER | 00508nam a2200181Ia 4500 | ||
|---|---|---|---|
| 001 | CTU_94137 | ||
| 008 | 210402s9999 xx 000 0 und d | ||
| 082 | |a 711.55 | ||
| 082 | |b K97 | ||
| 100 | |a 黒川紀章(くろかわ きしょう) | ||
| 245 | 0 | |a メタボリズムの発想 | |
| 245 | 0 | |c 黒川紀章 | |
| 260 | |a 東京 | ||
| 260 | |b 白馬出版 | ||
| 260 | |c 1973 | ||
| 650 | |a City Planning,Cities And Town | ||
| 904 | |i Ngoc | ||
| 980 | |a Trung tâm Học liệu Trường Đại học Cần Thơ | ||